000 00292nam a2200121 a 4500
008 101022s1969|||| d
100 1 _aLagerlofová, Selma
245 1 0 _aJeruzalem
260 _bSlovenský spisovateľ
_aBratislava
_c1969
041 _aslo
020 _c11,50
044 _axo
_cSK
999 _c12021
_d12021